Normal view
MARC view
- Managerial Economics
Entry Topical Term
001 - CONTROL NUMBER
- control field: 1801
003 - CONTROL NUMBER IDENTIFIER
- control field: JO-AjAnu
005 - DATE AND TIME OF LATEST TRANSACTION
- control field: 20230606070610.0
008 - FIXED-LENGTH DATA ELEMENTS
- fixed length control field: 230606|| aca||aabn | a|a d
040 ## - CATALOGING SOURCE
- Original cataloging agency: JO-AjAnu
- Transcribing agency: JO-AjAnu
150 ## - HEADING--TOPICAL TERM
- Topical term or geographic name entry element: Managerial Economics
670 ## - SOURCE DATA FOUND
- Source citation: Work cat.: (JO-AjAnu)949: ALLEN,BRUCE .W/NEIL DOHERTY/KEITH WEIGELT/EDWIN MANSFIELD, author 1800, Managerial Economics:Theory,Applications,and Cases